Gaming Quiz

Random Gaming or Card Games Quiz
Score 0/10 Timer 05:00
1 Play Today
% Correct
Monopoly (US)
99.7%
Scrabble
95.9%
Chess
89.4%
Battleship
88.5%
Risk
86.1%
Candy Land
85%
The Game of Life
83.3%
Operation
83.2%
Cranium
55.3%
Ticket to Ride
46.3%
Remove Ads.
Support Sporcle.
Get the best of Sporcle when you Go Orange. This ad-free experience offers more features, more stats, and more fun while also helping to support Sporcle. Thank you for becoming a member.

You're not logged in!

Compare scores with friends on all Sporcle quizzes.
OR
Log In

Sporcle TV

Today on Sporcle TV


Watch our educational content, quiz creation guides, and fun videos on Sporcle TV.

Show Comments

Extras

Top Quizzes Today


Score Distribution

Paid Content

Your Account Isn't Verified!

In order to create a playlist on Sporcle, you need to verify the email address you used during registration. Go to your Sporcle Settings to finish the process.

Report this User

Report this user for behavior that violates our Community Guidelines.

Details: